MARC

LEADER 00000nam0a2200000 4500
001 330377
005 20231102004244.0
035 |a (RuTPU)RU\TPU\book\356151 
090 |a 330377 
100 |a 20170404d1962 m y0rusy50 ca 
101 0 |a rus 
102 |a RU 
105 |a a z 000zy 
200 1 |a Как находят лекарственные растения  |f А. И. Шретер, И. Л. Крылова 
210 |a Москва  |c Знание  |d 1962 
215 |a 38 с.  |c ил. 
225 1 |a Биология и медицина 
606 |a Лекарственные растения  |2 stltpush  |3 (RuTPU)RU\TPU\subj\39962  |9 59859 
610 1 |a лекарственное растительное сырье 
610 1 |a лекарственные компоненты 
610 1 |a изготовление 
610 1 |a свойства 
675 |a 615.3  |v 4 
700 1 |a Шретер  |b А. И.  |g Алексей Иванович 
701 1 |a Крылова  |b И. Л.  |g Ирина Львовна 
801 1 |a RU  |b 63413507  |c 20170404 
801 2 |a RU  |b 63413507  |c 20191113  |g RCR 
942 |c BK